000
00261nam a2200097Ia 4500
005
20251222175818.0
008
251222s9999||||xx |||||||||||||| ||spa||
082
_a
DVD0150/P27/2004
245
0
_a
El evangelio segĂșn San Mateo:Il Vangelo Secondo Mateo
942
_c
DVD
999
_c
40377
_d
40377